Guía práctica de electricidad y electrónica
Uloženo v:
| Hlavní autoři: | , , |
|---|---|
| Médium: | Kniha |
| Jazyk: | španělština |
| Vydáno: |
Madrid
Cultural
2002
|
| Témata: | |
| Tagy: |
Přidat tag
Žádné tagy, Buďte první, kdo vytvoří štítek k tomuto záznamu!
|
MARC
| LEADER | 00000nam a2200000 a 4500 | ||
|---|---|---|---|
| 001 | UCL1279 | ||
| 003 | CL-VaPUC | ||
| 008 | 030905e20020000SP |||||||||||||||||spa|d | ||
| 020 | |a 8480551453 | ||
| 020 | |a 8480551461v.1 | ||
| 020 | |a 848055147Xv.2 | ||
| 020 | |a 8480551488v.3 | ||
| 082 | 0 | 4 | |a 621.3 |b MAR |2 21 |
| 100 | |a Martín Barrio, Ricardo Antonio |e autor |9 478203 | ||
| 700 | 0 | |a Colmenar Santos, Antonio |e author |9 478204 | |
| 700 | 0 | |a Braojos Benito, Francisco Javier |e author |9 478205 | |
| 245 | 1 | 0 | |a Guía práctica de electricidad y electrónica |
| 300 | |a v | ||
| 942 | |c BK | ||
| 945 | |d 20030905 00:00:00 |a cmena | ||
| 260 | |a Madrid |b Cultural |c 2002 | ||
| 500 | |a v.1: Principios básicos de electricidad | ||
| 500 | |a v.2: Instalaciones eléctricas | ||
| 500 | |a v.3: Electrónica básica y reparaciones de electrodomésticos | ||
| 650 | 0 | |a Electricidad |9 260222 | |
| 650 | 0 | |a Electrónica |9 263192 | |
| 650 | 7 | |a INSTALACIONES ELECTRICAS |2 CL-VaPUC |9 262736 | |
| 650 | 7 | |a ELECTRODOMESTICOS |2 CL-VaPUC |9 478206 | |
| 583 | |a last modification |c 20030905 00:00:00 |k Rodrigo Vera | ||
| 999 | |c 304923 |d 304921 | ||
| 952 | |0 0 |1 0 |4 0 |6 621_300000000000000_MAR_2002 |7 0 |8 A |9 367780 |a BIBMEC |b BIBMEC |d 2019-11-21 |h v.1 |i 3937119 |o 621.3 MAR 2002 |p 3937119 |r 2019-11-21 |w 2019-11-21 |y BK |k MEC | ||
| 952 | |0 0 |1 0 |4 0 |6 621_300000000000000_MAR_2002 |7 0 |8 A |9 367781 |a BIBMEC |b BIBMEC |d 2019-11-21 |h v.2 |i 3937127 |o 621.3 MAR 2002 |p 3937127 |r 2019-11-21 |w 2019-11-21 |y BK |k MEC | ||
| 952 | |0 0 |1 0 |4 0 |6 621_300000000000000_MAR_2002 |7 0 |8 A |9 367782 |a BIBMEC |b BIBMEC |d 2019-11-21 |h v.3 |i 3937135 |o 621.3 MAR 2002 |p 3937135 |r 2024-01-19 |w 2019-11-21 |y BK |k MEC | ||